000 00668nam a2200217 a 4500
999 _c4584
_d4584
001 4584
003 BD-JhCC
005 20171128185309.0
008 171128s13651970bg |||| ||a| 000 0 ben d
035 _a(BD-JhCC)4584
040 _aBD-JhCC
_dBD-JhCC
041 _aben
082 _a891.4409
_bCHO 1365
100 _a চৌধুরী, মোতাহের হোসেন
245 _aসংস্কৃতি-কথা /
_cমোতাহের হোসেন চৌধুরী
260 _aঢাকা :
_bবাংলা একাডেমী,
_c1365.
300 _a300 p. :
_c22 cm
650 _aBengali Literature
942 _2ddc
_cBK